| 000 | 01118nam a2200337 a 4500 | ||
|---|---|---|---|
| 999 |
_c28845 _d28816 |
||
| 001 | 016064425 | ||
| 003 | EG-ScBUE | ||
| 005 | 20200927115954.0 | ||
| 008 | 120207s2011 cc f b 000 0 eng d | ||
| 020 | _a9787511708151 | ||
| 035 | _a(OCoLC)775526873 | ||
| 040 |
_aCE@ _beng _erda _cCE@ _dUk _dEG-ScBUE |
||
| 043 | _aa-cc--- | ||
| 082 | 0 | 4 |
_a338.951 _bSEE _222 |
| 245 | 0 | 0 |
_aSeeking changes : _bthe economics development in contemporary China. |
| 264 | 1 |
_aBeijing, China : _bCentral Compilation and Translation Press, _c2011. |
|
| 300 |
_ai, 263 pages ; _c24 cm |
||
| 336 |
_atext _2rdacontent _btxt |
||
| 337 |
_aunmediated _2rdamedia _bn |
||
| 338 |
_avolume _2rdacarrier _bnc |
||
| 504 | _aIncludes bibliographical references. | ||
| 651 | 7 |
_aChina _xEconomic policy. _2BUEsh |
|
| 651 | 7 |
_aChina _xEconomic conditions. _2BUEsh |
|
| 653 |
_bBUSECO _cSeptember2020 |
||
| 655 |
_vReading book _934232 |
||
| 700 | 1 |
_aZhou, Yanhui _6880-02 _eauthor. |
|
| 880 |
_6260-01 _a北京 : _b中央编译出版社, _c2011. |
||
| 880 | 1 |
_6700-02 _a周艳辉. |
|
| 942 |
_2ddc _cBB |
||